00571nam a22001457a 450000500170000000800410001702000340005804100120009208200140010410000560011824501510017426000440032530000310036965000250040020231030085850.0231030b |||||||| |||| 00| 0 eng d a9780409060478 ; 9780409060485 aEnglish a347.7 VAN aVan Niekerk, SJ, Geyer HF and Mundell, ARGlEnglish aSummary Judgement A practical guide :bBeing the Law and Practice of Summary Judgement in South Africa /cSJ Van Niekerk, HF Geyer and ARG Mundell aDurban : bLexisNexis (Pty) Ltd, c2022 bxii, 11-50 pages ;c26 cm. aLegal practice bLaw